000 00503nam a2200181Ia 4500
999 _c1524
_d1524
003 OSt
005 20200923143519.0
008 190216s9999||||xx |||||||||||||| ||und||
020 _a9788121918039
040 _coclc
082 _a576
_bDUB/T
100 _aDubey, R C
_94892
245 0 _aA Textbook Of Microbiology /
_cR C Dubey ; D K Maheshwari
260 _bS Chand & Co,
_c2004.
_aNew Delhi:
300 _a682p
650 _aBotany
942 _cBK
_2ddc
_h576
_iDUB/T
_k576
_mDUB/T